000
00276nam a2200109Ia 4500
008
230907s9999||||xx |||||||||||||| ||und||
082
_a
5.7
_b
BER
100
_a
Berman, Jules J.
_9
115866
245
0
_a
Principles and practice of big data :
300
_a
452 pages.
942
_c
BK
999
_c
600006
_d
600006